SONA KALAN (Kayıt no. 1220505)

MARC ayrıntıları
000 -LEADER
sabit uzunluktaki kontrol alanı 00240nam a2200097Ia 4500
001 - KONTROL NUMARASI
kontrol alanı 1220505
005 - EN SON İŞLEMİN TARİH VE ZAMANI
kontrol alanı 20250827092812.0
008 - SABİT-UZUNLUKTA VERİ ÖĞELERİ--GENEL BİLGİ
sabit uzunluktaki kontrol alanı 250824s9999 xx 000 0 und d
245 #0 - ESER / YAZAR
ESER ADI SONA KALAN
Yazar Adı TESS GERRITSEN
260 ## - YAYIN, DAĞITIM, VB.
YAYIN EVİ DOĞAN YAYINCILIK
Mevcut
Düşüm durumu Kayıp durumu Hasar Durumu Ödünç verilmez Ana kütüphane Geçerli Kütüphane Edinilen tarih Toplam ödünç verme sayısı Barkod Son görüntüleme tarihi Son ödünç verme tarihi Fiyatın geçerli olmaya başladığı tarih Koha materyal türü
        KONYA ATATÜRK ANADOLU LİSESİ KONYA ATATÜRK ANADOLU LİSESİ 24.08.2025 1 11015265 06.01.2026 05.01.2026 27.08.2025 Kitaplar
Gemini Bilgi Teknolojileri A.Ş. tarafından düzenlenmiştir.